Vista normal
Vista MARC
Entrada Materia (corporativa)
Número de registros utilizados en: 1
001 - CONTROL NUMBER
- control field: 159154
003 - CONTROL NUMBER IDENTIFIER
- control field: Co-BoUCM
005 - DATE AND TIME OF LATEST TRANSACTION
- control field: 20211110132824.0
008 - FIXED-LENGTH DATA ELEMENTS
- fixed length control field: 211110|| aca||aabn | a|a d
040 ## - CATALOGING SOURCE
- Original cataloging agency: Co-BoUCM
- Transcribing agency: Co-BoUCM
110 ## - HEADING--CORPORATE NAME
- Corporate name or jurisdiction name as entry element: Colombia.
- Subordinate unit: Alcaldía Mayor de Bogotá.
- Subordinate unit: Secretaria de Cultura, Recreación y Deporte.
- Subordinate unit: Dirección de Arte, Cultura y Patrimonio
670 ## - SOURCE DATA FOUND
- Source citation: Work cat.: (Co-BoUCM)36741: Colombia. Alcaldía Mayor de Bogotá. Secretaria de Cultura, Recreación y Deporte. Dirección de Arte, Cultura y Patrimonio, Estado del arte sobre las prácticas culturales del pueblo Rom-Gitano en Bogotá, D.C., 2011